000
00232nam a2200109Ia 4500
100
_a
#N/A
942
_c
BK
654
_a
engineering of materials
245
_a
Scince of Engineering of Materials
260
_b
#N/A
546
_a
ENGLISH
999
_c
26423
_d
26423